Jóvenes: ¿En busca de una identidad perdida?

Gespeichert in:
Bibliographische Detailangaben
Körperschaft: Universidad Católica Cardenal Raúl Silva Henríquez. Vicerrectoría Académica. Centro de Estudios en Juventud
Format: Text
Veröffentlicht: Santiago: CEJU
Schlagworte:
Tags: Tag hinzufügen
Keine Tags, Fügen Sie den ersten Tag hinzu!

MARC

LEADER 00000 a a2200000 04500
001 27846
003
040
090 |a 186506  
110 |a Universidad Católica Cardenal Raúl Silva Henríquez. Vicerrectoría Académica. Centro de Estudios en Juventud  
245 |a Jóvenes: ¿En busca de una identidad perdida?  
260 |a Santiago:   |b CEJU  
650 |a JUVENTUD  
650 |a IDENTIDAD CULTURAL  
650 |a CUERPO HUMANO  
650 |a SUBCULTURA  
999 |c 13543  |d 13543